South Eastern Kenya University

Library Online Public Access Catalogue


Electrical wiring fundamentals (Record no. 10184)

MARC details
000 -LEADER
fixed length control field 00763pam a2200241 i 4500
001 - CONTROL NUMBER
control field 2771918
003 - CONTROL NUMBER IDENTIFIER
control field OSt
005 - DATE AND TIME OF LATEST TRANSACTION
control field 20160201150903.0
008 - FIXED-LENGTH DATA ELEMENTS--GENERAL INFORMATION
fixed length control field 800722s1981 nyua 001 0 eng
010 ## - LIBRARY OF CONGRESS CONTROL NUMBER
LC control number 80020097
020 ## - INTERNATIONAL STANDARD BOOK NUMBER
International Standard Book Number 0070675619
040 ## - CATALOGING SOURCE
Original cataloging agency SEKU
050 00 - LIBRARY OF CONGRESS CALL NUMBER
Classification number TK 3285
Item number .V6 1981
110 2# - MAIN ENTRY--CORPORATE NAME
Corporate name or jurisdiction name as entry element Volt Information Sciences (Firm)
245 10 - TITLE STATEMENT
Title Electrical wiring fundamentals
Statement of responsibility, etc. developed and produced by Volt Information Sciences, inc. ; written by Joseph H. Foley.
260 ## - PUBLICATION, DISTRIBUTION, ETC. (IMPRINT)
Place of publication, distribution, etc. New York :
Name of publisher, distributor, etc. Gregg Division, McGraw-Hill,
Date of publication, distribution, etc. c1981.
300 ## - PHYSICAL DESCRIPTION
Extent viii, 288 p. :
Other physical details ill. ;
Dimensions 29 cm.
440 #0 - SERIES STATEMENT/ADDED ENTRY--TITLE
Title Contemporary construction series
500 ## - GENERAL NOTE
General note Includes index.
650 #0 - SUBJECT ADDED ENTRY--TOPICAL TERM
Topical term or geographic name as entry element Electric wiring, Interior.
700 1# - ADDED ENTRY--PERSONAL NAME
Personal name Foley, Joseph H.
942 ## - ADDED ENTRY ELEMENTS (KOHA)
Source of classification or shelving scheme Library of Congress Classification
Koha item type General circulation
Holdings
Withdrawn status Lost status Source of classification or shelving scheme Damaged status Not for loan Home library Current library Shelving location Date acquired Source of acquisition Total Checkouts Full call number Barcode Date last seen Price effective from Koha item type Public note
    Library of Congress Classification     Wote Campus Library Wote Campus Library General Stacks 01/02/2016 Donation-books for Africa   [WTE] TK 3285 .V6 1981 2016/013727 01/02/2016 01/02/2016 General circulation A.K.
Kitui, Kenya.
+254736116989
library@seku.ac.ke